000 00285nam a22001217a 4500
008 180921b xxu||||| |||| 00| 0 eng d
041 _aeng
080 _22nd
_a610
100 _a3
101 _aSHM
245 _aGuides to the Evaluation of Permanent Impairment
_cAMA
942 _2udc
_cBK
999 _c48198
_d48198